Catálogo

El terapeuta y sus errores : (Registro nro. 61970)

Detalles MARC
000 -LEADER
fixed length control field 01263cam a2200325 i 4500
001 - CONTROL NUMBER
control field 61970
003 - CONTROL NUMBER IDENTIFIER
control field Mx-PuUPA
005 - DATE AND TIME OF LATEST TRANSACTION
control field 20220302080754.0
008 - FIXED-LENGTH DATA ELEMENTS--GENERAL INFORMATION
fixed length control field 150121s2009 mx r 000 0 spa d
020 ## - INTERNATIONAL STANDARD BOOK NUMBER
International Standard Book Number 9786071700766
040 ## - CATALOGING SOURCE
Original cataloging agency Mx-PuUPA
Language of cataloging spa
Transcribing agency Mx-PuUPA
Modifying agency Mx-PuUPA
Description conventions rda
041 0# - LANGUAGE CODE
Language code of text/sound track or separate title spa
245 03 - TITLE STATEMENT
Title El terapeuta y sus errores :
Remainder of title reflexiones sobre la terapia /
Statement of responsibility, etc. Jacqueline Fortes de Leff, [editor] ; Flora Aurón Zaltzman, Ma. Enriqueta Gómez Fonseca, Jorge Pérez Alarcón
250 ## - EDITION STATEMENT
Edition statement Primera edición
264 #4 - PRODUCTION, PUBLICATION, DISTRIBUTION, MANUFACTURE, AND COPYRIGHT NOTICE
Place of production, publication, distribution, manufacture México, Ciudad de México :
Name of producer, publisher, distributor, manufacturer Editorial Trillas ,
Date of production, publication, distribution, manufacture, or copyright notice 2009
300 ## - PHYSICAL DESCRIPTION
Extent 183 páginas ;
Dimensions 24 cm.
336 ## - CONTENT TYPE
Content type term texto
Fuente rdacontent
Content type code txt
337 ## - MEDIA TYPE
Media type term sin medio
Source rdamedia
Media type code n
338 ## - CARRIER TYPE
Carrier type term volumen
Source rdacarrier
Carrier type code nc
650 #4 - SUBJECT ADDED ENTRY--TOPICAL TERM
Topical term or geographic name entry element Psicoterapia
700 1# - ADDED ENTRY--PERSONAL NAME
Personal name Fortes de Leff, Jacqueline,
Relator term autor
-- editor
9 (RLIN) 9129
700 1# - ADDED ENTRY--PERSONAL NAME
Personal name Aurón Zaltzman, Flora,
Relator term autor
700 1# - ADDED ENTRY--PERSONAL NAME
Personal name Gómez Fonseca, Ma. Enriqueta,
Relator term autor
700 1# - ADDED ENTRY--PERSONAL NAME
Personal name Pérez Alancón, Jorge,
Relator term autor
942 ## - ADDED ENTRY ELEMENTS (KOHA)
Source of classification or shelving scheme Dewey Decimal Classification
Koha item type Libro
Classification part 616.8914
Item part T315
Existencias
Withdrawn status Lost status Source of classification or shelving scheme Damaged status Not for loan Collection code Home library Current library Shelving location Date acquired Source of acquisition Total Checkouts Full call number Barcode Date last seen Price effective from Koha item type Cost, normal purchase price Date last checked out Cost, replacement price Copy number
    Dewey Decimal Classification     General Biblioteca Karol Wojtyla Biblioteca Karol Wojtyla Sala general 29/06/2018 1 1 616.8914 T315 2009 99526 05/01/2026 29/06/2018 Libro 198.00 08/04/2019 198.00  
    Dewey Decimal Classification     General Biblioteca Karol Wojtyla Biblioteca Karol Wojtyla Sala general 21/03/2019 1   616.8914 T315 2009 100552 05/01/2026 21/03/2019 Libro 216.00   216.00 Ej.3
    Dewey Decimal Classification     General Biblioteca Karol Wojtyla Biblioteca Karol Wojtyla Sala general 21/03/2019 1   616.8914 T315 2009 100551 05/01/2026 21/03/2019 Libro 216.00   216.00 Ej.2
    Dewey Decimal Classification     General Tehuacán Tehuacán Sala general 21/01/2015 Compra   616.8914 FOR 509619 08/01/2025 21/01/2015 Libro